000 00649nam a2200241Ia 4500
005 20260430150142.0
008 008 250103s9999 xx 000 0 eng d
037 _aTheses
040 _aCRL
040 _beng
040 _ceng
041 _2eng
041 _aeng
084 _qCRL
100 _aBikram Kirti Au.; Mittal Raman Gu.
_91236608
245 0 _aAnalysis of counterfeiting of goods and its relationaship with intellectual property and commercial laws
260 _c2022
300 _a215p.
650 _aLaw
700 _aUniversity of Delhi. Faculty of Law. Department of Law
942 _cTH
999 _c1849075
_d1849075